Statistiques concernant Interprètes de chansons françaises

Cliquez ici pour prendre le quiz!

Statistiques générales

  • Ce quiz a été pris 2 436 fois
  • Le résultat moyen est 32 sur 60

Statistiques - réponses

TitreChanteur / Groupe% Correct
AmsterdamJacques Brel
94%
Pour que tu m’aimes encoreCéline Dion
90%
Que je t’aimeJohnny Hallyday
89%
Tous les cris les SOSDaniel Balavoine
87%
Je l’aime à mourirFrancis Cabrel
87%
L’aigle noirBarbara
85%
Comme d’habitudeClaude François
84%
Il jouait du piano deboutFrance Gall
83%
L’été indienJoe Dassin
79%
La maladie d’amourMichel Sardou
78%
Elle a fait un bébé toute seuleJean-Jacques Goldman
78%
Il venait d'avoir 18 ansDalida
78%
Marche à l'ombreRenaud Séchan
74%
C’est extraLéo Ferré
74%
Ma préférenceJulien Clerc
72%
Les amoureux des bancs publicsGeorges Brassens
71%
AlineChristophe
70%
À quoi ça sert l'amourEdith Piaf
69%
La MammaCharles Aznavour
68%
OuraganStéphanie de Monaco
66%
En rouge et noirJeanne Mas
65%
Il est cinq heures Paris s’eveilleJacques Dutronc
65%
Couleur menthe à l’eauEddy Mitchell
64%
Le sudNino Ferrer
61%
Comic stripSerge Gainsbourg & Jane Birkin
59%
Le cœur grenadineLaurent Voulzy
57%
Petit Papa NoëlTino Rossi
55%
HélèneRoch Voisine
54%
Qui saura ?Mike Brant
52%
La ballade des gens heureuxGérard Lenorman
52%
Quand je serai K-OAlain Souchon
50%
Une belle histoireMichel Fugain
49%
La merCharles Trenet
49%
Le lion est mort ce soirHenri Salvador
49%
San FranciscoMaxime Le Forestier
49%
NathalieGilbert Bécaud
48%
A bicycletteYves Montand
47%
LilyPierre Perret
46%
Le métèqueGeorges Moustaki
46%
Mon vieuxDaniel Guichard
46%
J'ai encore rêvé d'elleIl était une fois
42%
CélineHugues Aufray
42%
Sur un prélude de BachMaurane
42%
Le jazz et la javaClaude Nougaro
41%
Tombe la neigeSalvatore Adamo
37%
Message personnelFrançoise Hardy
36%
Prendre un enfantYves Duteil
35%
Le déserteurBoris Vian
35%
Tombé du cielJacques Higelin
32%
L’eau viveGuy Béart
30%
Super NanaMichel Jonasz
25%
Ma MômeJean Ferrat
25%
Ils s’aimentDaniel Lavoie
24%
Paris en ColèreMireille Mathieu
22%
Il suffirait de presque rienSerge Reggiani
19%
LindbergRobert Charlebois
15%
Le blues du businessmanClaude Dubois
14%
ZiggyFabienne Thibeault
13%
Le petit bonheurFélix Leclerc
9%
Les roses blanchesBerthe Sylva
7%

Distribution des résultats

Percentile par nombre de réponses

% des personnes avec chaque résultat

Votre développement - résultats

Vous n’avez pas pris ce quiz